LEADER 00963nam 2200289Ia 450 001 996394631703316 005 20221102113702.0 035 $a(CKB)3810000000006930 035 $a(EEBO)2240950522 035 $a(OCoLC)13553705 035 $a(EXLCZ)993810000000006930 100 $a19860510d1660 uy | 101 0 $aeng 135 $aurbn||||a|bb| 200 00$aVox populi$b[electronic resource] =$eThe Voice of the people : congratulating His Majesty King Charls the II of England, Scotland, France and Ireland, in thirty heroic stanza's : with a brief panegirick in praise of His Illustrious Majesty 210 $aLondon $cPrinted for H. Brome ...$d1660 215 $a8 p 300 $aIn verse. 300 $aReproduction of original in the Harvard University Library. 330 $aeebo-0062 801 0$bEAG 801 1$bEAG 801 2$bWaOLN 906 $aBOOK 912 $a996394631703316 996 $aVox populi?$9226385 997 $aUNISA